Czy rozpoznasz historyczne kraje po opisie? - Statystyki

Ogólne statystyki
  • Ten quiz został rozwiązany 450 razy
  • Średni wynik to 6 z 17
Statystyki odpowiedzi
Opis Nazwa państwa % Poprawnych
Największe powierzchniowo państwo komunistyczne ZSRR
85%
Historyczne państwo leżące przy południowej granicy Polski Czechosłowacja
63%
Do 1980 krajem tym rządził Josip Broz Tito Jugosławia
58%
Największe powierzchniowo państwo w historii (określenie ustroju) Imperium Brytyjskie
55%
Dawna nazwa Iranu Persja
43%
Członek państw centralnych, który po I wojnie światowej rozpadł sie na wiele państw Austro-Węgry
39%
Starożytne państwo, którego nazwa pochodzi od obecnej stolicy jednego z państw w Europie (określenie ustroju) Cesarstwo Rzymskie
39%
Kraj ze stolicą w Konstantynopolu (określenie ustroju) Cesarstwo Bizantyjskie
31%
Ogromny sułtanat istniejący przez ponad 600 lat Imperium Osmańskie
29%
Państwo istniejące w latach 1919-1933 w środkowej Europie (nazwa ustroju) Republika Weimarska
22%
Nazwa kraju ze stolicą w Moskwie w latach 1547–1721 (nazwa ustroju) Carstwo Rosyjskie
20%
Marionetkowe państwo Japonii utworzone w 1932 Mandżukuo
20%
Państwo na Półwyspie Iberyjskim w latach 1931-1939 (nazwa ustroju) Druga Republika Hiszpańska
16%
Ostatnim władcą tego państwa był Iwan IV Groźny (nazwa ustroju) Wielkie Księstwo Moskiewskie
16%
Nazwa kraju kwitnącej wiśni w okresie II Wojny Światowej Cesarstwo Wielkiej Japonii
8%
Kambodża w okresie rządów Czerwonych Khmerów Demokratyczna Kampucza
8%
Państwo leżące niegdyś na terytorium obecnego RPA (pełna nazwa państwa) Związek Południowej Afryki
7%
Nie znaleziono quizów pasujących do podanych kryteriów
Rozkład punktacji
Procent ludzi z każdym wynikiem
Percentyl według liczby udzielonych odpowiedzi
Twoja historia wyników
Nie rozwiązałeś tego quizu